| 000 | 00453cam a2200181 4500 | ||
|---|---|---|---|
| 001 | D15018 | ||
| 008 | 090401t1952 xxu||||| |||| 00| 0 eng d | ||
| 035 | _a(Sirsi) u19599 | ||
| 041 | _aeng | ||
| 050 | _a526.982 | ||
| 100 | _aZeller, M. | ||
| 245 | _aText book of photogrammetry; rewritten and revised by E.A. Miskin | ||
| 260 |
_aLondon _bH K Lewis _c1952 |
||
| 300 | _axii. 281p. ill. 25cm | ||
| 350 | _a2.5 | ||
| 942 | _n0 | ||
| 948 | _c04/03/1997 | ||
| 999 |
_c87690 _d87690 |
||